000 00370nam a2200133Ia 4500
005 20250729165811.0
008 250729s2022 xx 000 0 und d
041 _aeng
082 _a530.25 RAMT
100 _aB.R.Ramachandraiah
_9233288
245 _aThe Science o Learning ,Teaching Process
260 _aMysore
_bVismaya Prakashana
_c2022
650 _aEducation
_9233289
999 _c240206
_d240206